Statistiken für Schrumpfende Länder

Klicken Sie hier um das Quiz zu spielen!

Allgemein

  • Dieses Quiz wurde 80 mal gespielt
  • Das Durchschnittsergebnis liegt bei 8 aus 19

Antwortstatistiken

Nr.%Antwort% Korrekt
1-18,35Ukraine
86%
11-0,53Japan
67%
18-0,23Estland
54%
5-1,12Lettland
53%
4-1,35Litauen
53%
8-0,62Belarus
51%
9-0,59Italien
47%
17-0,39Albanien
43%
3-1,52Bulgarien
43%
14-0,48Griechenland
43%
7-0,77Bosnien
42%
10-0,54Kroatien
42%
6-1,11Serbien
40%
15-0,47Nordmazedonien
39%
19-0,22Portugal
32%
13-0,48Georgien
31%
12-0,51Monaco
31%
2-2,34Libanon
24%
16-0,44Malediven
6%

Verteilung der Resultate

Perzentil nach korrekt beantworteten Fragen

Anzahl Personen mit jedem Resultat

Ihre Resultats-Entwicklung

Sie haben dieses Quiz noch nicht gespielt